| 000 | 00654nam a2200253Ia 4500 | ||
|---|---|---|---|
| 005 | 20251020182442.0 | ||
| 008 | 200515s9999 xx 000 0 und d | ||
| 020 | _a978-84-8364-389-1 | ||
| 082 | _a528.8:69/M26 | ||
| 100 | _aMartínez Sánchez, José Alfredo | ||
| 100 | _aVásquez Gálvez, Salvador | ||
| 245 | 0 | _aManual práctico del auxiliar de topografía | |
| 260 | _aAntequera | ||
| 260 | _bIC Editorial | ||
| 260 | _c2010 | ||
| 300 | _a281 p. | ||
| 300 | _bil., graf. | ||
| 500 | _a1 ejemplar | ||
| 650 | _aLEVANTAMIENTOS TOPOGRAFICOS | ||
| 650 | _aNIVELACION GEOMETRICA | ||
| 650 | _aTOPOGRAFIA | ||
| 942 | _cLIB | ||
| 999 |
_c576 _d576 |
||